| 000 | 00918cam a22003133a 4500 | ||
|---|---|---|---|
| 001 | 3268 | ||
| 003 | PGUSA | ||
| 005 | 20140828083029.0 | ||
| 008 | 020601s2002||||xxu|||||s|||||000 1 eng d | ||
| 040 |
_aPGUSA _beng |
||
| 042 | _adc | ||
| 050 | 4 | _aPR | |
| 100 | 1 |
_aRadcliffe, Ann Ward, _d1764-1823 |
|
| 245 | 1 | 4 |
_aThe Mysteries of Udolpho _h[electronic resource] / _cAnn Ward Radcliffe |
| 260 |
_bProject Gutenberg, _c2002 |
||
| 506 | _aPublic domain in the USA. | ||
| 516 | _aElectronic text | ||
| 653 | _aGothic fiction (Literary genre) | ||
| 653 | _aOrphans -- Fiction | ||
| 653 | _aHorror tales | ||
| 653 | _aYoung women -- Fiction | ||
| 653 | _aItaly -- Fiction | ||
| 653 | _aGuardian and ward -- Fiction | ||
| 653 | _aInheritance and succession -- Fiction | ||
| 653 | _aCastles -- Fiction | ||
| 830 | 0 |
_aProject Gutenberg _v3268 |
|
| 856 | 4 | 0 | _uhttp://www.gutenberg.org/ebooks/3268 |
| 942 | _cEB | ||
| 999 |
_c232597 _d232597 |
||